000
00317 a2200157 4500
001
160493
020
_a
040
_c
Magnum
100
_a
Souza, Flavio de
240
1
0
_a
Aeroporto 2001
_l
por
245
1
0
_a
Aeroporto 2001
362
0
_a
1899
440
1
_a
Globo
697
_a
IJ/AVENTURA, CRIANCAS
942
_c
BK
999
_c
160493
_d
160493